000 00439nam a2200193Ia 4500
003 0100
008 130303s9999 xx 000 0 und d
040 _cARRUPELIB
050 _aBJ1461.E3 1969
100 _aEdwards, Jonathan
245 _aFreedom of the will
260 _aNew York
260 _bThe Bobbs=Merrill
260 _C1969
300 _axxxix
300 _b 269p. 21cm.
650 _bDeep ecology
942 _2lcc
_05
999 _c60364
_d60364